000 00511cam a2200193 4500
001 D2026
008 090401t1984 xxu||||| |||| 00| 0 eng d
035 _a(Sirsi) u67136
041 _aeng
050 _a338.4769
100 _aBurch, T.
245 _aLabour turnover in the construction industry
260 _aAscot, Berks
_bThe Chartered Institute of Building
_c1984
300 _a7p. 30cm
350 _a0
490 _aTechnical Information Service
_pManagement
_v33
942 _n0
948 _c04/03/1997
999 _c94972
_d94972